the level of farmer's adoption of techniques of ecological system of rice intensification in samraongtong, kampongspeu province (កំរិតទទួលយករបស់កសិករតាមបច្ចេកទេសប្រព័ន្ធថម្មជាតិ នៅស្រុកសំរោងទង ខេត្តកំពង់ស្ពឺ) (Record no. 891)

000 -LEADER
fixed length control field 00724nam a22001577a 4500
003 - CONTROL NUMBER IDENTIFIER
control field OSt
005 - DATE AND TIME OF LATEST TRANSACTION
control field 20150920110649.0
008 - FIXED-LENGTH DATA ELEMENTS--GENERAL INFORMATION
fixed length control field 150920b xxu||||| |||| 00| 0 eng d
040 ## - CATALOGING SOURCE
Transcribing agency RUA
082 ## - DEWEY DECIMAL CLASSIFICATION NUMBER
Classification number AGR THO 2008 B037 Or.1
100 ## - MAIN ENTRY--PERSONAL NAME
9 (RLIN) 924
Personal name THOEUNG, LEANGSRENG.
245 ## - TITLE STATEMENT
Title the level of farmer's adoption of techniques of ecological system of rice intensification in samraongtong, kampongspeu province (កំរិតទទួលយករបស់កសិករតាមបច្ចេកទេសប្រព័ន្ធថម្មជាតិ នៅស្រុកសំរោងទង ខេត្តកំពង់ស្ពឺ)
260 ## - PUBLICATION, DISTRIBUTION, ETC. (IMPRINT)
Place of publication, distribution, etc. Phnom Penh
Name of publisher, distributor, etc. RUA
Date of publication, distribution, etc. 2008
300 ## - PHYSICAL DESCRIPTION
Extent 55p.
Other physical details ill.
Dimensions 29cm.
942 ## - ADDED ENTRY ELEMENTS (KOHA)
Source of classification or shelving scheme
Koha item type AGR
Holdings
Price effective from Date last seen Permanent Location Not for loan Date acquired Source of classification or shelving scheme Koha item type Lost status Withdrawn status Date last checked out Total Checkouts Shelving location Damaged status Barcode Current Location Full call number
2015-09-202017-08-16Library Block B 2015-09-20 AGR  2017-08-081B037 RUA000271Library Block BAGR THO 2008 B037 Or.1
2015-09-202015-09-20Library Block B 2015-09-20 AGR    B037 RUA000750Library Block BAGR THO 2008 B037 Or.2
2015-09-202015-09-20Library Block B 2015-09-20 AGR    B037 RUA000678Library Block BAGR THO 2008 B037 Or.3
2015-09-202015-09-20Library Block B 2015-09-20 AGR    B037 RUA000606Library Block BAGR THO 2008 B037 Or.4
2015-09-202015-09-20Library Block B 2015-09-20 AGR    B037 RUA000390Library Block BAGR THO 2008 B037 Or.5
2015-09-202015-09-20Library Block B 2015-09-20 AGR    B037 RUA000313Library Block BAGR THO 2008 B037 Or.6
2015-09-202015-09-20Library Block B 2015-09-20 AGR    B037 RUA000880Library Block BAGR THO 2008 B037 Or.7
2015-09-202015-09-20Library Block B 2015-09-20 AGR    B037 RUA000922Library Block BAGR THO 2008 B037 Or.8
2015-09-202017-07-25Library Block B 2015-09-20 AGR  2017-02-031B037 RUA000882Library Block BAGR THO 2008 B037 Or.9
2015-09-202015-09-20Library Block B 2015-09-20 AGR    B037 RUA000965Library Block BAGR THO 2008 B037 Or.10
មជ្ឈមណ្ឌលឯការនៃសាកលវិទ្យាល័យភូមិន្ទកសិកម្មចំការដូង

Powered by Koha